000 00865nam a2200217 a 4500
001 000015063
005 20200929163937.0
008 100129s1976 ag 000 f spa d
040 _aDO-SdBNP
_bspa
_cBNPHU
082 _a813.4
_bH521c
100 1 _aHenry, O.,
_q(William Sydney Porter),
_d1862-1910
_934102
240 1 4 _aThe complete works of O. Henry.
_lEspañol
245 1 0 _aAguafuertes norteamericanas /
_cO. Henry ; traducción de Virginia Erhart ; introducción de Jaime Rest.
260 _aBuenos Aires :
_bLibrerías Fausto,
_c1976.
300 _a228, [1] p. ;
_c18 cm.
534 _pTítulo original en inglés:
_tThe complete works of O. Henry,
_cNueva York, 1937
650 4 _aCuentos estadounidese
_934103
650 4 _aLiteratura estadounidense
_ySIGLO XIX-XX
_934104
700 1 _aErhart, Virginia,
_etr.
_934105
700 1 _aRest, Jaime,
_eintrod.
_934106
999 _c14635
_d14635